| 000 | 00400cam a2200169ua 4500 | ||
|---|---|---|---|
| 001 | 6343 | ||
| 008 | 060101n1994 II |||gr||||Z||||||eng | ||
| 040 | _aMAIN | ||
| 041 | _aEnglish | ||
| 082 | _a330.15342 SRI | ||
| 100 | _aSRIVASTAVA. | ||
| 245 | _aHISTORY OF ECONOMIC THOUGHT | ||
| 260 |
_aNEW DELHI _bS.CHAND & COMPANY _c1994 |
||
| 300 |
_a660.: _c25CM. |
||
| 653 | _aEconomic Thought | ||
| 942 | _cBK | ||
| 999 |
_c6328 _d6328 |
||